| 000 | 00738nam a2200205Ii 4500 | ||
|---|---|---|---|
| 003 | JO-AjNU | ||
| 008 | 230605s9999||||xx |||||||||||||| ||und|| | ||
| 040 |
_aJO-AjNU _bara _erda _cJO-AjNU |
||
| 041 | _aara | ||
| 050 | 1 | 4 | _aCB251.m912.1986 |
| 100 | 3 |
_aمايرز، يوجين أ.؛ سعد الدين،كاظم مترجم؛ الكبيسي، طراد تحرير, _eauthor _934769 |
|
| 245 | 0 | 0 | _aالفكر العربي والعالم الغربي |
| 250 | _aط1 | ||
| 264 | 3 | 1 | _aبغداد: دار الشؤون الثقافية العامة، 1986 |
| 300 | _a154ص | ||
| 336 |
_atext _btxt _2rdacontent |
||
| 337 |
_aunmediated _bn _2rdamedia |
||
| 338 |
_avolume _bnc _2rdacarrier |
||
| 650 | 4 |
_aالغرب والعرب-علم _934770 |
|
| 999 |
_aA14289 _c17857 _d17857 |
||